000 00549nab a2200145Ia 4500
003 ES-SlBCS
005 20220216180700.0
008 140529s1995 xxu||||| |||| 00| 0 eng d
041 _aeng
100 1 _aHonnefelder, Ludger
_912227
245 0 0 _aRationalization and Natural Law: Max Weber´s and Ernst Troeltsch´s Interpretation of the Medieval Doctrine of Natural Law
_c Ludger Honnefelder
600 1 _aWeber, Max-Ley Natural-Edad Media
_9159181
773 0 _tReview of Methaphysics
_gvol. 49, nº. 194, 1995, págs. 275-294
_wRev843
942 _cAR
999 _c531067
_d531067